|
|
|
|
| LEADER |
03495nam a22005535i 4500 |
| 001 |
978-3-540-46167-8 |
| 003 |
DE-He213 |
| 005 |
20151204172653.0 |
| 007 |
cr nn 008mamaa |
| 008 |
100506s2006 gw | s |||| 0|eng d |
| 020 |
|
|
|a 9783540461678
|9 978-3-540-46167-8
|
| 024 |
7 |
|
|a 10.1007/11885191
|2 doi
|
| 040 |
|
|
|d GrThAP
|
| 050 |
|
4 |
|a QH324.2-324.25
|
| 072 |
|
7 |
|a PSA
|2 bicssc
|
| 072 |
|
7 |
|a UB
|2 bicssc
|
| 072 |
|
7 |
|a COM014000
|2 bisacsh
|
| 082 |
0 |
4 |
|a 570.285
|2 23
|
| 245 |
1 |
0 |
|a Computational Methods in Systems Biology
|h [electronic resource] :
|b International Conference, CMSB 2006, Trento, Italy, October 18-19, 2006. Proceedings /
|c edited by Corrado Priami.
|
| 264 |
|
1 |
|a Berlin, Heidelberg :
|b Springer Berlin Heidelberg,
|c 2006.
|
| 300 |
|
|
|a X, 323 p.
|b online resource.
|
| 336 |
|
|
|a text
|b txt
|2 rdacontent
|
| 337 |
|
|
|a computer
|b c
|2 rdamedia
|
| 338 |
|
|
|a online resource
|b cr
|2 rdacarrier
|
| 347 |
|
|
|a text file
|b PDF
|2 rda
|
| 490 |
1 |
|
|a Lecture Notes in Computer Science,
|x 0302-9743 ;
|v 4210
|
| 505 |
0 |
|
|a Modal Logics for Brane Calculus -- Deciding Behavioural Properties in Brane Calculi -- Probabilistic Model Checking of Complex Biological Pathways -- Type Inference in Systems Biology -- Stronger Computational Modelling of Signalling Pathways Using Both Continuous and Discrete-State Methods -- A Formal Approach to Molecular Docking -- Feedbacks and Oscillations in the Virtual Cell VICE -- Modelling Cellular Processes Using Membrane Systems with Peripheral and Integral Proteins -- Modelling and Analysing Genetic Networks: From Boolean Networks to Petri Nets -- Regulatory Network Reconstruction Using Stochastic Logical Networks -- Identifying Submodules of Cellular Regulatory Networks -- Incorporating Time Delays into the Logical Analysis of Gene Regulatory Networks -- A Computational Model for Eukaryotic Directional Sensing -- Modeling Evolutionary Dynamics of HIV Infection -- Compositional Reachability Analysis of Genetic Networks -- Randomization and Feedback Properties of Directed Graphs Inspired by Gene Networks -- Computational Model of a Central Pattern Generator -- Rewriting Game Theory as a Foundation for State-Based Models of Gene Regulation -- Condition Transition Analysis Reveals TF Activity Related to Nutrient-Limitation-Specific Effects of Oxygen Presence in Yeast -- An In Silico Analogue of In Vitro Systems Used to Study Epithelial Cell Morphogenesis -- A Numerical Aggregation Algorithm for the Enzyme-Catalyzed Substrate Conversion -- Possibilistic Approach to Biclustering: An Application to Oligonucleotide Microarray Data Analysis.
|
| 650 |
|
0 |
|a Computer science.
|
| 650 |
|
0 |
|a Software engineering.
|
| 650 |
|
0 |
|a Database management.
|
| 650 |
|
0 |
|a Computer simulation.
|
| 650 |
|
0 |
|a Bioinformatics.
|
| 650 |
|
0 |
|a Computational biology.
|
| 650 |
1 |
4 |
|a Computer Science.
|
| 650 |
2 |
4 |
|a Computational Biology/Bioinformatics.
|
| 650 |
2 |
4 |
|a Simulation and Modeling.
|
| 650 |
2 |
4 |
|a Bioinformatics.
|
| 650 |
2 |
4 |
|a Computer Appl. in Life Sciences.
|
| 650 |
2 |
4 |
|a Software Engineering.
|
| 650 |
2 |
4 |
|a Database Management.
|
| 700 |
1 |
|
|a Priami, Corrado.
|e editor.
|
| 710 |
2 |
|
|a SpringerLink (Online service)
|
| 773 |
0 |
|
|t Springer eBooks
|
| 776 |
0 |
8 |
|i Printed edition:
|z 9783540461661
|
| 830 |
|
0 |
|a Lecture Notes in Computer Science,
|x 0302-9743 ;
|v 4210
|
| 856 |
4 |
0 |
|u http://dx.doi.org/10.1007/11885191
|z Full Text via HEAL-Link
|
| 912 |
|
|
|a ZDB-2-SCS
|
| 912 |
|
|
|a ZDB-2-LNC
|
| 950 |
|
|
|a Computer Science (Springer-11645)
|